All HDB Estates of Singapore - Statistics

General Stats
  • This quiz has been taken 59 times
  • The average score is 20 of 26
Answer Stats
Region Estates % Correct
North East Sengkang
98%
North East Punggol
96%
East Tampines
96%
West Jurong East
94%
East Pasir Ris
94%
East Bedok
91%
North East Hougang
91%
West Jurong West
91%
North Woodlands
91%
North Yishun
91%
North East Ang Mo Kio
89%
North East Serangoon
87%
Central Bishan
85%
West Bukit Batok
81%
North Sembawang
79%
Central Toa Payoh
79%
West Choa Chu Kang
77%
Central Clementi
70%
Central Queenstown
70%
Central Bukit Merah
64%
West Bukit Panjang
64%
Central Marine Parade
57%
Central Geylang
53%
Central Kallang
53%
Central Bukit Timah
47%
Central Central Area
9%
No matching quizzes found
Score Distribution
Percent of People with Each Score
Percentile by Number Answered
Your Score History
You have not taken this quiz